Online Catalogue and eLibrary

Walk along (Record no. 4362)

MARC details
000 -LEADER
fixed length control field 00415nam a2200181Ia 4500
005 - DATE AND TIME OF LATEST TRANSACTION
control field 20241024034431.0
008 - FIXED-LENGTH DATA ELEMENTS--GENERAL INFORMATION
fixed length control field 240331s9999 xx 000 0 und d
020 ## - INTERNATIONAL STANDARD BOOK NUMBER
ISBN
082 ## - DDC Classification
Item Number - Author Mark THI
Class No. 821
100 ## - MAIN ENTRY--PERSONAL NAME
Personal name Thiagarajah, T
245 #0 - TITLE STATEMENT
Title Walk along
260 ## - PUBLICATION, DISTRIBUTION, ETC.
Place of publication, distribution, etc. Hong Kong
Name of publisher, distributor, etc. Gitanjali Publishers
Date of publication, distribution, etc. 2001
300 ## - PHYSICAL DESCRIPTION
Extent (e.g. Volumes, Pages etc.) xiii, 48 p .,
650 ## - SUBJECT ADDED ENTRY--TOPICAL TERM
Topical term or geographic name entry element Poems
650 ## - SUBJECT ADDED ENTRY--TOPICAL TERM
Topical term or geographic name entry element Nationalism
650 ## - SUBJECT ADDED ENTRY--TOPICAL TERM
Topical term or geographic name entry element Religious
942 ## - Koha item type (Biblio)
Koha item type Books in Stacks (Lending)
Holdings
Lost status Damaged status Collection code Home library Current library Shelving location Date acquired Full call number Accession Number Item type
    Lending WERC Library WERC Library Social Science Cupboard 03/31/2024 821 THI 4569 Books in Stacks (Lending)

© WERC Library